| 000 | 00393 a2200133 4500 | ||
|---|---|---|---|
| 001 | ART_6626 | ||
| 005 | 20260410161620.0 | ||
| 008 | 260409a | ||
| 245 | 1 | 0 | _aHacia la internacionalización de las normas contables |
| 100 | 1 | _aSlosse, Carlos Alberto | |
| 700 | 1 | _aGamondés, Santiago F. | |
| 700 | 1 | _aNigro, Jorge O. | |
| 773 | 0 |
_tEnfoques _g- Nº 9 (sep. 2009) _wREV416 |
|
| 999 |
_c11453 _d11453 |
||